Concepts of physical fitness : (Record no. 10686)
[ view plain ]
| 000 -LEADER | |
|---|---|
| fixed length control field | 00908nam a22002417a 4500 |
| 008 - FIXED-LENGTH DATA ELEMENTS--GENERAL INFORMATION | |
| fixed length control field | 180917b ||||| |||| 00| 0 eng d |
| 020 ## - INTERNATIONAL STANDARD BOOK NUMBER | |
| International Standard Book Number | 978-0-07-131860-0 |
| 082 ## - DEWEY DECIMAL CLASSIFICATION NUMBER | |
| Edition number | 2013 |
| Classification number | DC 613.723 |
| Item number | C744 |
| 100 ## - MAIN ENTRY--PERSONAL NAME | |
| Personal name | Corbin, Charles B. |
| 9 (RLIN) | 31186 |
| 245 ## - TITLE STATEMENT | |
| Title | Concepts of physical fitness : |
| Remainder of title | active lifestyles for wellness / |
| Statement of responsibility, etc. | Charles B. Corbin, Gregory J. Welk, William R. Corbin, and Karen A. Welk |
| 250 ## - EDITION STATEMENT | |
| Edition statement | Seventeenth Edition |
| 260 ## - PUBLICATION, DISTRIBUTION, ETC. (IMPRINT) | |
| Place of publication, distribution, etc. | New York : |
| Name of publisher, distributor, etc. | McGraw-Hill Higher Education ; |
| Date of publication, distribution, etc. | ©2013. |
| 300 ## - PHYSICAL DESCRIPTION | |
| Extent | xx,460 pages : |
| Other physical details | color illustrations ; |
| Dimensions | 27 pages. |
| 500 ## - GENERAL NOTE | |
| General note | Includes appendix and index. |
| 650 #0 - SUBJECT ADDED ENTRY--TOPICAL TERM | |
| 9 (RLIN) | 31180 |
| Topical term or geographic name as entry element | Exercise |
| 650 #0 - SUBJECT ADDED ENTRY--TOPICAL TERM | |
| 9 (RLIN) | 31181 |
| Topical term or geographic name as entry element | Physical fitness |
| 650 #0 - SUBJECT ADDED ENTRY--TOPICAL TERM | |
| 9 (RLIN) | 31182 |
| Topical term or geographic name as entry element | Physical fitness -- Problems, exercises, etc |
| 700 ## - ADDED ENTRY--PERSONAL NAME | |
| 9 (RLIN) | 31183 |
| Personal name | Welk, Gregory J. |
| 700 ## - ADDED ENTRY--PERSONAL NAME | |
| 9 (RLIN) | 31184 |
| Personal name | Corbin, William R. |
| 700 ## - ADDED ENTRY--PERSONAL NAME | |
| 9 (RLIN) | 31185 |
| Personal name | Welk, Karen A. |
| 365 ## - TRADE PRICE | |
| Price amount | 3.362.00 |
| Currency code | Php. |
| 942 ## - ADDED ENTRY ELEMENTS (KOHA) | |
| Source of classification or shelving scheme | Dewey Decimal Classification |
| Koha item type | Circulation |
| Withdrawn status | Lost status | Source of classification or shelving scheme | Damaged status | Not for loan | Collection code | Home library | Current library | Date acquired | Source of acquisition | Cost, normal purchase price | Total Checkouts | Full call number | Barcode | Date last seen | Copy number | Price effective from | Koha item type |
|---|---|---|---|---|---|---|---|---|---|---|---|---|---|---|---|---|---|
| Dewey Decimal Classification | Circulation | UM Digos College - LIC | UM Digos College - LIC | 08/16/2018 | Purchased | 3362.00 | DC 613.723 C744 2013 | 25243 | 05/15/2025 | 1 | 09/17/2018 | Circulation |
